| 000 | 01189cad a22002295a 4500 | ||
|---|---|---|---|
| 001 | L146867 | ||
| 008 | 090304s2009 xxkb f s 000 0 eng d | ||
| 035 | _a(Sirsi) u146867 | ||
| 041 | 0 | _aeng | |
| 050 | 0 | 4 | _a333.33 $2 18 |
| 110 | 2 |
_aPramerica Real Estate Investors _95594 |
|
| 245 | 0 | 0 |
_aEuropean quarterly market perspective _bJanuary 2009 _h[electronic resource] |
| 260 |
_aParsipanny, NJ _bPramerica Real Estate Investors _c2009 |
||
| 490 | 0 | _aPREI European Quarterly Market Perspective | |
| 520 | _aReveals that investment activity fell sharply in the fourth quarter 2008, resulting in unprecedented drops in property values, and that lack of available debt may produce difficulties for property owners. Reports that rental growth is slowing and forecasts this will continue throughout 2009. Concludes that rising vacancy rates means a shift in the balance of power between landlords to tenants. | ||
| 521 | _aAdvanced | ||
| 590 | _aKA | ||
| 651 | 4 | _aEurope | |
| 690 | _aPROPERTY-COMMERCIAL PROPERTY-COMMERCIAL PROPERTY MARKET | ||
| 856 | 4 | 0 |
_uhttps://www.pramericarei.com/pramerica/realestate/index.html _zView the item free of charge at www.pramericarei.com... |
| 942 | _n0 | ||
| 999 |
_c109325 _d109325 |
||